000 00681nam a2200229Ia 4500
003 GCL
008 140319s9999 xx 000 0 ara d
040 _aGCL /
_cGCL
082 0 4 _a327.12
_bم ا
100 1 _aمحمد السماك
245 1 0 _aالارهاب والعنف السياسى /
_cمحمد السماك
260 _a[S.N] :
_bالشركة العالمية للكتاب ش م ل
300 _a143 ص
490 _a
650 0 4 _aالاغتيال
650 0 4 _aاليهود فى مصر
650 0 4 _aالارهاب
650 0 4 _aالجرائم الدولية
650 0 4 _aالتخريب والتدمير
650 0 4 _aالجاسوسية
942 _2ddc
_cBK
999 _c55849
_d55849